Seton Hall Basketball: Leading Scorer Every Year - Statistics

General Stats
  • This quiz has been taken 10 times
  • The average score is 9 of 78
Answer Stats
Year Player Average % Correct
2023-2024 Kadary Richmond 15.7
80%
2018-2019 Myles Powell 23.1
80%
2019-2020 Myles Powell 21.0
80%
2021-2022 Jared Rhoden 15.5
60%
1996-1997 Shaheen Holloway 17.3
60%
2022-2023 Al-Amir Dawes 12.6
40%
2017-2018 Desi Rodriguez 17.5
40%
2012-2013 Fuquan Edwin 16.5
40%
2013-2014 Fuquan Edwin 14.5
40%
2015-2016 Isaiah Whitehead 18.2
40%
2016-2017 Khadeen Carrington 17.1
40%
2020-2021 Sandro Mamukelashvili 17.5
40%
2014-2015 Sterling Gibbs 16.3
40%
2008-2009 Jeremy Hazell 22.7
20%
2009-2010 Jeremy Hazell 20.4
20%
2010-2011 Jeremy Hazell 19.8
20%
1947-1948 Johnny Macknowski 11.0
20%
2011-2012 Jordan Theodore 16.1
20%
1987-1988 Mark Bryant 20.5
20%
1989-1990 Terry Dehere 16.1
20%
1990-1991 Terry Dehere 19.8
20%
1991-1992 Terry Dehere 19.4
20%
1992-1993 Terry Dehere 22.0
20%
1950-1951 Walter Dukes 12.5
20%
1951-1952 Walter Dukes 20.2
20%
1952-1953 Walter Dukes 26.1
20%
1995-1996 Adrian Griffin 19.5
0%
2001-2002 Andre Barrett 16.9
0%
2002-2003 Andre Barrett 16.7
0%
2003-2004 Andre Barrett 17.3
0%
1982-1983 Andre McCloud 16.6
0%
1983-1984 Andre McCloud 14.8
0%
1984-1985 Andre McCloud 20.8
0%
1985-1986 Andre McCloud 15.6
0%
1959-1960 Art Hicks 17.1
0%
1993-1994 Artūras Karnišovas 18.3
0%
2006-2007 Brian Laing 16.5
0%
2007-2008 Brian Laing 18.6
0%
1979-1980 Dan Callandrillo 19.4
0%
1980-1981 Dan Callandrillo 16.3
0%
1981-1982 Dan Callandrillo 25.9
0%
1999-2000 Darius Lane 15.3
0%
1954-1955 Dick Gaines 17.3
0%
1955-1956 Dick Gaines 20.3
0%
1956-1957 Dick Gaines 21.1
0%
2005-2006 Donald Copeland 16.1
0%
2000-2001 Eddie Griffin 17.8
0%
2006-2007 Eugene Harvey 16.5
0%
1948-1949 Frank Saul 13.3
0%
1967-1968 Gerry Mackey 13.8
0%
1973-1974 Glenn Mosley 13.8
0%
1975-1976 Greg Tynes 18.5
0%
1976-1977 Greg Tynes 21.9
0%
1977-1978 Greg Tynes 20.6
0%
1960-1961 Hank Gunter 21.0
0%
1953-1954 Harry Brooks 15.8
0%
1958-1959 Jack Rowley 12.0
0%
1986-1987 James Major 17.6
0%
1988-1989 John Morton 17.3
0%
1972-1973 John Ramsay 15.1
0%
1974-1975 John Ramsay 19.1
0%
1966-1967 John Suminski 17.7
0%
1994-1995 John Yablonski 20.0
0%
2004-2005 Kelly Whitney 11.9
0%
1969-1970 Ken House 18.8
0%
1970-1971 Ken House 21.0
0%
1971-1972 Ken House 25.1
0%
1997-1998 Levell Sanders 15.6
0%
1968-1969 Mel Knight 17.8
0%
1961-1962 Nick Werkman 33.0
0%
1962-1963 Nick Werkman 29.5
0%
1963-1964 Nick Werkman 33.2
0%
1978-1979 Nikos Galis 27.5
0%
1964-1965 Richie Dec 16.9
0%
1998-1999 Rimantas Kaukėnas 13.5
0%
1949-1950 Sam Lackaye 12.6
0%
1965-1966 Terry Morawski 16.7
0%
1957-1958 Tom Cross 12.4
0%
No matching quizzes found
Score Distribution
Percent of People with Each Score
Percentile by Number Answered
Your Score History
You have not taken this quiz